[Event "Challenge"]
[Site "http://www.queenalice.com/game.php?id=1109144"]
[Date "2012.10.3"]
[Round "-"]
[White "darewing"]
[Black "LEPARY"]
[Result "1-0"]
[WhiteElo "2493"]
[BlackElo "1936"]

1. c4 e5 2. Nc3 Nf6 3. Nf3 Nc6 4. g3 d6 5. d4 exd4 6. Nxd4 Nxd4 7. Qxd4 c5 8.
Qd3 Be7 9. Bg2 a6 10. O-O Ra7 11. Rd1 b6 12. Bf4 Be6 13. Bxd6 O-O 14. Bxe7 Qxe7
15. e4 Rd7 16. Nd5 Qd8 17. e5 Ne8 18. f4 g6 19. Qa3 a5 20. Qb3 Bxd5 21. cxd5 Ng7
22. Be4 Kh8 23. Rd3 f5 24. Bg2 Qb8 25. Qb5 Rfd8 26. Rb3 Rb7 27. d6 Ra7 28. Qxb6
Qxb6 29. Rxb6 Ne6 30. Bd5 Nd4 31. Kf2 Nc2 32. Rd1 Rad7 33. Bc6 1-0

[Event "Fevrier 2013"]
[Site "http://www.queenalice.com/game.php?id=1149687"]
[Date "2013.2.8"]
[Round "-"]
[White "LEPARY"]
[Black "niclep"]
[Result "1/2-1/2"]
[WhiteElo "1908"]
[BlackElo "2108"]

1. d4 d5 2. e3 a6 3. c4 c6 4. c5 Nd7 5. b4 e5 6. dxe5 Nxe5 7. Bb2 Qc7 8. Bxe5
Qxe5 9. Qd4 Qc7 10. Nf3 Nf6 11. Nbd2 Be7 12. Bd3 Ng4 13. e4 Bf6 14. e5 Nxe5 15.
Qe3 O-O 16. Rd1 Bd7 17. Nxe5 Bxe5 18. g3 Rfe8 19. O-O Bc3 20. Qg5 h6 21. Qh4 Qc8
22. Kh1 Bf6 23. Qf4 g5 24. Qxf6 Re6 25. Qf3 Re7 26. Qf6 Re6 27. Qd4 Re7 28. Rfe1
Qe8 29. Re3 h5 30. Rxe7 Qxe7 31. Qe3 Qf6 32. f4 Re8 33. Qf2 g4 34. Re1 Rxe1+ 35.
Qxe1 Qc3 36. Qe2 Qxb4 37. Nb3 Be6 38. f5 Bd7 39. Qe7 Qc3 40. Qd8+ Kg7 41. f6+
Qxf6 42. Qxf6+ Kxf6 43. Kg2 Ke5 44. Kf2 f5 45. Ke3 Be6 46. a4 Bc8 47. a5 Be6 48.
Nd4 1/2-1/2

[Event "AUTO-MASTER-1820"]
[Site "http://www.queenalice.com/game.php?id=1151966"]
[Date "2013.2.14"]
[Round "1"]
[White "LEPARY"]
[Black "ChessPirate"]
[Result "0-1"]
[WhiteElo "1908"]
[BlackElo "2201"]

1. d4 d5 2. Nf3 e6 3. e3 c5 4. b3 Nf6 5. Ba3 Be7 6. Bd3 O-O 7. dxc5 Nbd7 8. b4
a5 9. c3 axb4 10. cxb4 e5 11. Bc2 e4 12. Nd4 Ne5 13. Nd2 Rxa3 0-1

[Event "AUTO-MASTER-1820"]
[Site "http://www.queenalice.com/game.php?id=1151979"]
[Date "2013.2.14"]
[Round "1"]
[White "Buuuu"]
[Black "LEPARY"]
[Result "1-0"]
[WhiteElo "2106"]
[BlackElo "1916"]

1. e4 e5 2. Nf3 d6 3. Bc4 f6 4. d4 Nc6 5. Nc3 Bg4 6. Be3 Bxf3 7. gxf3 g5 8. Be6
Qe7 9. d5 Nd8 10. Bf5 Nh6 11. Bh3 Rg8 12. Qd3 a6 13. Ne2 b5 14. Ng3 Qf7 15. a4
b4 16. a5 c5 17. dxc6 Nxc6 18. Ra4 Be7 19. Qd5 Qxd5 20. exd5 Nd4 21. Bxd4 exd4
22. Rxb4 Rc8 23. Kd1 Rc5 24. Be6 Rf8 25. Rb8+ Bd8 26. Re1 Rc7 27. Nh5 Re7 28.
Ra8 Rc7 29. Bg8+ Re7 30. Bxh7 Rxe1+ 31. Kxe1 Kd7 32. Rxa6 1-0

[Event "AUTO-MASTER-1820"]
[Site "http://www.queenalice.com/game.php?id=1151980"]
[Date "2013.2.14"]
[Round "1"]
[White "LEPARY"]
[Black "Buuuu"]
[Result "0-1"]
[WhiteElo "1915"]
[BlackElo "2146"]

1. d4 Nf6 2. d5 e6 3. dxe6 fxe6 4. Nf3 d5 5. e3 Bd6 6. Nc3 O-O 7. Be2 a6 8. a4
c5 9. b3 Bd7 10. Bd3 e5 11. e4 Bc6 12. Nd2 Nbd7 13. exd5 Nxd5 14. Nxd5 Bxd5 15.
f3 Qh4+ 16. g3 Qd4 17. Ba3 Rad8 18. Be4 Bxe4 19. Nxe4 Qe3+ 20. Qe2 Rxf3 21. Bc1
Qd4 22. Qxf3 Qxa1 23. O-O Rf8 24. Qc3 Rxf1+ 0-1

[Event "AUTO-MASTER-1820"]
[Site "http://www.queenalice.com/game.php?id=1151989"]
[Date "2013.2.14"]
[Round "1"]
[White "LEPARY"]
[Black "Christhechessplayer"]
[Result "0-1"]
[WhiteElo "1934"]
[BlackElo "2138"]

1. d4 Nf6 2. d5 d6 3. Nc3 g6 4. e4 Bg7 5. Bd3 O-O 6. Nf3 c6 7. Be3 Nbd7 8. O-O
Nb6 9. Be2 cxd5 10. exd5 Bg4 11. h3 Bxf3 12. Bxf3 Rc8 13. Bxb6 Qxb6 14. Na4 Qc7
15. c3 b5 0-1

[Event "AUTO-MASTER-1820"]
[Site "http://www.queenalice.com/game.php?id=1151990"]
[Date "2013.2.14"]
[Round "1"]
[White "Christhechessplayer"]
[Black "LEPARY"]
[Result "1-0"]
[WhiteElo "2144"]
[BlackElo "1922"]

1. e4 e5 2. Nf3 d6 3. d4 Nf6 4. Nc3 exd4 5. Nxd4 c5 6. Nf3 Nc6 7. Bc4 h6 8. O-O
Bg4 9. Bf4 Be7 10. Re1 Qc8 11. Bxd6 Bxf3 12. gxf3 Qd7 13. Nb5 O-O 14. Bxe7 Qxd1
15. Raxd1 Nxe7 16. e5 1-0

[Event "Challenge"]
[Site "http://www.queenalice.com/game.php?id=1305620"]
[Date "2014.9.2"]
[Round "-"]
[White "matto64"]
[Black "LEPARY"]
[Result "1-0"]
[WhiteElo "1899"]
[BlackElo "1904"]

1. d4 d5 2. Nf3 Nf6 3. Bf4 Ne4 4. e3 e6 5. Ne5 f6 6. Qh5+ g6 7. Nxg6 Rg8 8.
Nxf8+ Kxf8 9. Qxh7 Ng5 10. Qxc7 Qxc7 11. Bxc7 Nc6 12. Nd2 a6 13. c3 b5 14. Be2
Ra7 15. Bd6+ Ne7 16. a4 Rd7 17. Bc5 Ke8 18. axb5 a5 19. b6 Nc6 20. Bb5 Bb7 21.
Nb3 Ne4 22. Nxa5 Kf7 23. Nxb7 1-0

[Event "Re-Play"]
[Site "http://www.queenalice.com/game.php?id=1307365"]
[Date "2014.9.10"]
[Round "-"]
[White "LEPARY"]
[Black "matto64"]
[Result "1-0"]
[WhiteElo "1888"]
[BlackElo "1915"]

1. e4 c5 2. Nf3 d6 3. Bc4 g6 4. b3 Bg7 5. c3 Nf6 6. Bd3 O-O 7. O-O Nc6 8. Re1
Ng4 9. h3 Nge5 10. Be2 Nxf3+ 11. Bxf3 Ne5 12. Be2 Bd7 13. a4 Rc8 14. Na3 Nc6 15.
Ra2 e5 16. Nc2 Be6 17. Bc4 Bxc4 18. bxc4 Na5 19. Ne3 f5 20. d3 Nc6 21. Nd5 Ne7
22. Bg5 Rf7 23. Nxe7+ Rxe7 24. Bxe7 Qxe7 25. exf5 gxf5 26. Rc2 Qe8 27. Ra2 Qg6
28. Qf3 b6 29. Rae2 Rf8 30. Qg3 Qe8 31. f4 Qxa4 32. fxe5 dxe5 33. Rxe5 Kh8 34.
Re7 Bf6 35. Rc7 f4 36. Qf3 Re8 37. Re4 Qa1+ 38. Kh2 Be5 39. Rxe5 1-0

[Event "Challenge"]
[Site "http://www.queenalice.com/game.php?id=1369234"]
[Date "2015.7.3"]
[Round "-"]
[White "LEPARY"]
[Black "rockme"]
[Result "1-0"]
[WhiteElo "1905"]
[BlackElo "1884"]

1. e4 d6 2. d4 g6 3. Nc3 Bg7 4. Nf3 Nd7 5. Be3 a6 6. a4 Ngf6 7. Bd3 b6 8. d5 O-O
9. O-O Ng4 10. h3 Nge5 11. Nh2 c5 12. b3 Nf6 13. Be2 Bb7 14. Qd2 Qc7 15. f4 Ned7
16. Kh1 Rad8 17. Rf2 Rc8 18. Raf1 Rcd8 19. Rf3 e5 20. f5 Bc8 21. R1f2 Bb7 22.
Bh6 Nh5 23. Bxg7 Nxg7 24. Ng4 f6 25. Nh6+ Kh8 26. fxg6 hxg6 27. Rg3 g5 28. Nf5
Rf7 29. h4 1-0

[Event "Challenge"]
[Site "http://www.queenalice.com/game.php?id=1394035"]
[Date "2015.11.13"]
[Round "-"]
[White "antonio_mz"]
[Black "LEPARY"]
[Result "0-1"]
[WhiteElo "1882"]
[BlackElo "1920"]

1. d4 d5 2. Nf3 Nc6 3. h3 f5 4. Bf4 e6 5. a3 h6 6. Nc3 g5 7. Be5 Nxe5 8. Nxe5
Qf6 9. Nb5 Rh7 10. Qd2 b6 11. Qc3 c5 0-1

[Event "Challenge"]
[Site "http://www.queenalice.com/game.php?id=1450965"]
[Date "2016.11.19"]
[Round "-"]
[White "LEPARY"]
[Black "shicoshow"]
[Result "1-0"]
[WhiteElo "1934"]
[BlackElo "1943"]

1. e4 d6 2. d4 Nf6 3. Nc3 g6 4. Nf3 Bg7 5. Be2 O-O 6. O-O e5 7. d5 c5 8. b3 Ne8
9. a4 f5 10. g3 fxe4 11. Nxe4 Nf6 12. Nxf6+ Bxf6 13. Rb1 b6 14. Bh6 Bg7 15. Bxg7
Kxg7 16. c4 a5 17. h4 h6 18. Qd2 Bg4 19. Qe3 Qf6 20. Nh2 Bxe2 21. Qxe2 Nd7 22.
Rbd1 Rf7 23. Rd3 Raf8 24. Rf3 Qe7 25. Rxf7+ Qxf7 26. Qe3 Nf6 27. g4 Nd7 28. Qg3
Qf4 29. Qxf4 Rxf4 30. f3 h5 31. Kg2 hxg4 32. fxg4 Rxf1 33. Nxf1 g5 34. h5 Nf6
35. Kh3 Ne4 36. Ng3 Nf2+ 37. Kg2 Nxg4 38. Nf5+ Kh7 39. Nxd6 Kh6 40. Nf7+ Kxh5
41. d6 Nf6 42. Nxe5 g4 43. d7 Nxd7 44. Nxd7 1-0

[Event "Challenge"]
[Site "http://www.queenalice.com/game.php?id=1454211"]
[Date "2016.12.10"]
[Round "-"]
[White "LEPARY"]
[Black "jorm"]
[Result "0-1"]
[WhiteElo "1950"]
[BlackElo "1985"]

1. e4 e5 2. Nf3 Nc6 3. Nc3 a6 4. Be2 h6 5. O-O d6 6. Nd5 Nge7 7. c4 Nxd5 8. exd5
Ne7 9. d3 c5 10. a4 a5 11. b3 g5 12. g3 Bh3 13. Re1 Ng6 14. Bf1 g4 15. Bxh3 gxh3
16. Kh1 h5 17. Ra2 f6 18. Rae2 Be7 19. Bd2 Qd7 20. Rg1 b6 21. Nh4 Nxh4 22. gxh4
O-O-O 23. Rg3 Rdg8 24. Qg1 Rxg3 25. Qxg3 Qg4 26. Qxg4+ hxg4 27. f3 Rxh4 28. Be1
gxf3 29. Bxh4 fxe2 30. Be1 f5 31. Kg1 Bg5 32. Kf2 Bf4 33. Kg1 Be3+ 34. Kh1 f4
35. d4 exd4 36. b4 f3 37. b5 d3 38. Bf2 Bf4 39. Bg1 d2 40. Bf2 Bxh2 41. Bg3
d1=Q+ 0-1

[Event "Challenge"]
[Site "http://www.queenalice.com/game.php?id=1497202"]
[Date "2017.10.1"]
[Round "-"]
[White "Strogonoff"]
[Black "LEPARY"]
[Result "1-0"]
[WhiteElo "1918"]
[BlackElo "1926"]

1. e4 e5 2. Bc4 Nh6 3. d3 d6 4. Nf3 Be7 5. Bxh6 gxh6 6. Nc3 Be6 7. Bxe6 fxe6 8.
Qe2 Na6 9. O-O-O Qd7 10. d4 exd4 11. Nxd4 O-O-O 12. f4 c5 13. Nb3 Rhf8 14. g3
Qc7 15. Qb5 Qb6 16. Qc4 e5 17. Na4 Qc6 18. Qe6+ Qd7 19. Qxd7+ Rxd7 20. f5 Bg5+
21. Kb1 Kb8 22. Naxc5 Re7 23. Nxa6+ bxa6 24. Rxd6 1-0

[Event "Challenge"]
[Site "http://www.queenalice.com/game.php?id=1501424"]
[Date "2017.11.1"]
[Round "-"]
[White "LEPARY"]
[Black "niclep"]
[Result "0-1"]
[WhiteElo "1935"]
[BlackElo "2117"]

1. e4 e5 2. Nf3 Nc6 3. Nc3 a6 4. a4 Nf6 5. Be2 Bc5 6. O-O d6 7. d3 h6 8. Nh4 O-O
9. Nf5 Bxf5 10. exf5 Ne7 11. Ne4 Nxf5 12. Bf3 Rb8 13. c3 Ba7 14. b4 Nd5 15. Bb2
Nfe7 16. a5 Ng6 17. g3 f5 18. Qb3 c6 19. c4 fxe4 20. Bh5 Nde7 21. dxe4 Qd7 22.
c5+ Kh7 23. Rad1 Qh3 24. Bf3 dxc5 25. Rd3 cxb4 26. Qxb4 Rf6 27. Bg2 Qg4 28. h3
Qe2 0-1

[Event "Revanche"]
[Site "http://www.queenalice.com/game.php?id=1502090"]
[Date "2017.11.4"]
[Round "-"]
[White "LEPARY"]
[Black "embuchador"]
[Result "0-1"]
[WhiteElo "1910"]
[BlackElo "1933"]

1. e4 c5 2. c4 Nc6 3. Nf3 d6 4. Nc3 g6 5. d3 Bg7 6. Be2 Nf6 7. O-O O-O 8. Be3 e6
9. Qd2 Ng4 10. h3 Nxe3 11. Qxe3 Nd4 12. Qd2 Nxe2+ 13. Nxe2 d5 14. Rad1 Qc7 15.
b3 b6 16. exd5 exd5 17. a4 Bb7 18. Rc1 Rad8 19. cxd5 Bxd5 20. b4 c4 21. b5 Bxf3
22. d4 Bxe2 0-1

[Event "Challenge"]
[Site "http://www.queenalice.com/game.php?id=1541442"]
[Date "2018.9.8"]
[Round "-"]
[White "LEPARY"]
[Black "niclep"]
[Result "0-1"]
[WhiteElo "1895"]
[BlackElo "1983"]

1. e4 e5 2. Nf3 Nc6 3. Bd3 d6 4. c3 Be6 5. b3 Nf6 6. h3 Ne7 7. Ng5 Qd7 8. c4 Ng6
9. Nxe6 Qxe6 10. Qf3 Be7 11. Nc3 Nh4 12. Qg3 Nh5 13. Qh2 Nf4 14. Qg3 Nhxg2+ 15.
Kf1 O-O 16. Nd5 Qd7 17. Nxf4 Nxf4 18. Be2 Nxe2 19. Kxe2 Qc6 20. d3 f5 21. Bh6
Rf7 22. exf5 Kh8 23. Bg5 Qd7 24. Rag1 Raf8 25. Bxe7 Qxe7 26. Qg2 c6 27. Qg5 Qd7
28. f6 Rxf6 29. Qe3 c5 30. Rg2 Qf5 31. h4 h6 32. Rh3 b6 33. Rf3 Qh5 34. Rg3 Qxh4
35. Rh3 Qg4 36. a4 Rxf3 37. Rxf3 Rf4 0-1

[Event "Challenge"]
[Site "http://www.queenalice.com/game.php?id=1562089"]
[Date "2019.2.24"]
[Round "-"]
[White "LEPARY"]
[Black "niclep"]
[Result "0-1"]
[WhiteElo "1883"]
[BlackElo "2145"]

1. e4 e5 2. Nf3 Nc6 3. c3 Nf6 4. d3 h6 5. h3 d6 6. Be3 Ne7 7. Be2 Ng6 8. O-O Be7
9. Nbd2 O-O 10. d4 Nh7 11. d5 c6 12. c4 f5 13. Qc2 f4 14. Bd4 exd4 15. Nxd4 Ne5
16. Ne6 Bxe6 17. dxe6 Ng5 18. Bg4 Nxg4 19. hxg4 Nxe6 20. Rae1 Qd7 21. g3 fxg3
22. fxg3 Ng5 23. Qd1 Bf6 24. b3 Be5 25. Kh2 Rae8 26. Nf3 Qxg4 27. Nxg5 Qxg3+ 28.
Kh1 Qh2# 0-1